History and memory
"Studies in representation of the past."
| Autor Corporativo: | |
|---|---|
| Formato: | Electrónico Revista |
| Lenguaje: | inglés |
| Publicado: |
[Frankfurt am Main] :
Athenäum,
1989-
Bloomington, IN : Indiana University Press |
| Materias: | |
| Acceso en línea: | Full text available from Research Library: 06/30/1995 to present |
MARC
| LEADER | 00000nas a2200000 a 4500 | ||
|---|---|---|---|
| 001 | ssj0001311 | ||
| 003 | WaSeSS | ||
| 005 | 20200512172242.0 | ||
| 006 | m d | ||
| 007 | cr n | ||
| 008 | 990918c19899999inufx p s 0 a0eng c | ||
| 010 | |a sn 99004668 | ||
| 022 | |a 1527-1994 |l 0935-560X |y 0935-560X | ||
| 030 | |a HIMEF8 | ||
| 035 | |a (WaSeSS)ssj0001311 | ||
| 040 | |a JHE |b eng |c JHE |d NSD |d OCL |d GUA |d OCLCQ |d F#A |d OCLCQ |d MUQ |d IUL |d OCLCQ |d EYM |d MYG |d OCLCQ |d OCLCO |d OCLCQ |d OCLCF |d CUS |d OCLCO |d OCL |d OCLCQ |d OCLCE |d OCLCQ |d OCLCO |d LGG |d VT2 |d WT2 |d GILDS |d OCLCO |d OCLCQ |d WYU |d TKN |d OCLCO |d OCLCQ |d WaSeSS | ||
| 042 | |a nsdp |a pcc |a dlr | ||
| 050 | 4 | |a D16.8 | |
| 082 | 1 | 0 | |a 901 |2 13 |
| 210 | 0 | |a Hist. mem. |b (Online) | |
| 222 | 0 | |a History & memory |b (Online) | |
| 245 | 0 | 0 | |a History and memory |h [electronic resource]. |
| 246 | 1 | |i Issues for winter 1990- have title: |a History & memory | |
| 260 | |3 spring/summer 1989-fall/winter 1989 : |a [Frankfurt am Main] : |b Athenäum, |c 1989- | ||
| 260 | 3 | |3 fall 1990- : |a Bloomington, IN : |b Indiana University Press | |
| 310 | |a Twice a year | ||
| 362 | 0 | |a Vol. 1, no. 1 (spring/summer 1989)- | |
| 506 | |a License restrictions may limit access. | ||
| 520 | |a "Studies in representation of the past." | ||
| 538 | |a Master and use copy. Digital master created according to Benchmark for Faithful Digital Reproductions of Monographs and Serials, Version 1. Digital Library Federation, December 2002. |u http://purl.oclc.org/DLF/benchrepro0212 |5 MiAaHDL | ||
| 538 | |a Mode of access: World Wide Web. | ||
| 550 | |a Edited at the Eva and Marc Besen Institute for the Study of Historical Consciousness, Tel Aviv University. | ||
| 583 | 1 | |a digitized |c 2011 |h HathiTrust Digital Library |l committed to preserve |2 pda |5 MiAaHDL | |
| 588 | 0 | |a Vol. 1, no. 1 (spring/summer 1989); title from title page PDF (JSTOR, viewed Dec. 7, 2010). | |
| 588 | 1 | |a Vol. 22, no. 2 (fall/winter 2010) (JSTOR, viewed Dec. 7, 2010). | |
| 650 | 0 | |a History |x Philosophy |v Periodicals. | |
| 650 | 0 | |a Historiography |v Periodicals. | |
| 650 | 0 | |a History |v Periodicals. | |
| 650 | 6 | |a Histoire |x Philosophie |v Périodiques. | |
| 650 | 6 | |a Historiographie |v Périodiques. | |
| 650 | 6 | |a Histoire |x Périodiques. | |
| 650 | 7 | |a Historiography. |2 fast |0 (OCoLC)fst00958221 | |
| 650 | 7 | |a History |x Philosophy. |2 fast |0 (OCoLC)fst00958266 | |
| 650 | 7 | |a History. |2 fast |0 (OCoLC)fst00958235 | |
| 650 | 1 | 7 | |a Herinnering. |2 gtt |
| 650 | 1 | 7 | |a Representatie (algemeen) |2 gtt |
| 655 | 0 | |a Electronic journals. | |
| 710 | 2 | |a Eva and Marc Besen Institute for the Study of Historical Consciousness. | |
| 776 | 0 | 8 | |i Print version: |t History and memory |x 0935-560X |w (DLC) 89645618 |w (OCoLC)20506305 |
| 853 | 2 | 0 | |8 1 |a v. |b no. |u 2 |v r |i (year) |j (season/season) |w f |x 21/22 |
| 856 | 4 | 0 | |z Full text available from Research Library: 06/30/1995 to present |u https://search.proquest.com/publication/26752 |
| 863 | 4 | 1 | |8 1.1 |a <11> |b <1> |i <1999> |j <21/22> |